Carpentry (Record no. 35237)

MARC details
000 -LEADER
fixed length control field 00263nam a2200109Ia 4500
082 ## - DEWEY DECIMAL CLASSIFICATION NUMBER
Classification number 674.1
Item number HAY
100 ## - MAIN ENTRY--AUTHOR NAME
Personal name Haywards, Charles
245 #0 - TITLE STATEMENT
Title Carpentry
260 ## - PUBLICATION, DISTRIBUTION, ETC. (IMPRINT)
Place of publication Kent
Name of publisher Hodder and Stoughton
Year of publication 1973
942 ## - ADDED ENTRY ELEMENTS (KOHA)
Koha item type Books
Holdings
Withdrawn status Lost status Damaged status Not for loan Home library Current library Date acquired Cost, normal purchase price Full call number Accession Number Koha item type
        RRII Library RRII Library 16/12/2021 0.95 674.1 HAY 15664 Books